00462cam a2200157ua 45000010005000000080039000050400009000440820013000531000039000662450062001052500009001672600041001763000016002176530022002336530049002554291111222n ii |||gr||||Z||||||asm cMAIN a491.4515 aBrown, N.,d1848,q(Nathan Brown).11aGrammatical notices of the assamese languagecby N. Brown a1st. aJorhat:bAsom jatiya Prakash,c2011. a80p:c23cm. aAssamese language aGrammatical notices of the assamese language